000 02302nam0a2200397 4500
001 RU\NLR\BIBL_A\022637362
005 20251205095014.0
010 _a978-5-94984-935-4
_9300
021 _aRU
_bКН-П-25-045289
_9КН-П-25-4399
035 _a(NLR Aleph) 022637362
090 _a13497562
_c13497562
100 _a20251006d2024 m y0rusy50 ca
101 0 _arus
102 _aRU
105 _aa j 000yy
181 0 _ai3
_baxxe
182 0 _an
200 1 _aДорожные условия и безопасность движения
_eучебное пособие
_fА. Ю. Шаров, М. В. Савсюк, С. А. Чудинов, А. А. Чижов
_gМинистерство науки и высшего образования Российской Федерации, Федеральное государственное бюджетное образовательное учреждение высшего образования "Уральский государственный лесотехнический университет" (УГЛТУ)
203 _aТекст
_bвизуальный
_cнепосредственный
205 _a2-е изд., перераб. и доп.
210 _aЕкатеринбург
_cУГЛТУ
_d2024
215 _a207 с.
_cил.
_d21
300 _aАвт. указаны на обороте тит. с.
320 _aБиблиогр.: с. 182-183 (30 назв.)
606 1 _aАвтомобильный транспорт
_jУчебные издания для высших учебных заведений
_xБезопасность движения
_9898589
_3RU\NLR\AUTH\666127
686 1 _aО33-082.03я73-1
701 1 _aШаров
_bА. Ю.
_gАлексей Юрьевич
701 1 _aСавсюк
_bМ. В.
_gМарина Викторовна
701 1 _aЧудинов
_bС. А.
_gСергей Александрович
701 1 _aЧижов
_bА. А.
_gАнтон Александрович
712 0 2 _4475
_aУральский государственный лесотехнический университет
_cЕкатеринбург
_9583633
_3RU\NLR\AUTH\8810042115
942 _cBOOK
980 _aNB